Statistics for Notable People of WWII

Click here to take the quiz!

General Stats

  • This quiz has been taken 64,352 times
    (50,117 since last reset)
  • The average score is 14 of 21

Answer Stats

CluePerson% Correct
German FührerAdolf Hitler
100%
British PM for most of the warWinston Churchill
97%
Soviet dictatorJoseph Stalin
95%
US President until 1945Franklin D. Roosevelt
90%
Fascist leader of ItalyBenito Mussolini
89%
Jewish diarist who hid in
an Amsterdam attic
Anne Frank
88%
US President after thatHarry Truman
77%
Supreme Allied commander
in Europe
Dwight Eisenhower
73%
Girlfriend of the aboveEva Braun
73%
Japanese emperorHirohito
70%
German "Desert Fox" generalErwin Rommel
65%
German propaganda ministerJoseph Goebbels
61%
Leader of the SSHeinrich Himmler
56%
Leader of the Free French forcesCharles de Gaulle
55%
British PM who signed the
Munich agreement
Neville Chamberlain
54%
American general who returned
to the Philippines
Douglas MacArthur
53%
American general called
"Old Blood and Guts"
George S. Patton
49%
Leader of the LuftwaffeHermann Göring
49%
British hero of North Africa and
co-planner of D-Day
Bernard Montgomery
41%
Most decorated Soviet generalGeorgy Zhukov
29%
Japanese PM who ordered the
Pearl Harbor attack
Hideki Tōjō
25%

Score Distribution

Percentile by Number Answered

Percent of People with Each Score

Your Score History

You have not taken this quiz since the last reset